000 00300nam a22001337a 4500
008 170203b xxu||||| |||| 00| 0 eng d
020 _a9780781782104
041 _aeng
080 _23RD
_a61
100 _a61
101 _aSHM
245 _aDESIGNING CLINICAL RESEARCH
_cHULLEY, S.B
942 _2udc
_cBK
999 _c4430
_d4430